000 00683nam a22002297a 4500
003 UA-OsUOA
001 93759
007 ta
008 20130128b un ||||| |||| 00| 0 ukr d
100 _aГаков В.
090 _a821.161.1
_bГ15
942 _cBK
040 _aUA-OsUOA
_brus
_cUA-OsUOA
_dUA-OsUOA
245 _aЧетыре путешествия на машине времени
_bнаучная фантастика и ее предвидения
300 _a189 с.
955 _a3
041 _arus
080 _a821.161.1
260 _aМ.
_bЗнания
_c1983
650 7 _a82 Література. Літературознавство
_2UDC
999 _c380000
_d380000